Administración de Hospitales: Fundamentos y Evaluación del Servicio Hospitalario /

Lograr la administración efectiva de los programas de evaluación de servicio comunitarios, constituye el principal objetivo de esta obra, en la cual se tratan aspectos como el análisis de los puestos programáticos y de las funciones de la evaluación, la determinación de las necesidades de servicios...

Descrizione completa

Salvato in:
Dettagli Bibliografici
Autore principale: Attkisson, C. Clifford (autor)
Altri autori: Hargreaves, William A. (autor) (autor), Horowitz, Mardi J. (autor) (autor)
Natura: Libro
Lingua:spagnolo
Pubblicazione: México : Trillas, 1988
Soggetti:
Tags: Aggiungi Tag
Nessun Tag, puoi essere il primo ad aggiungerne!!

MARC

LEADER 00000nam^a2200000^a^4500
001 000025068
005 20250521000000.0
009 20260310084638.329
020 |a 968-24-2297-3 
037 |a Acervo ITESO - Biblioteca 
041 |a ESP 
082 |a 658. 15932  |b ATI 
100 |a Attkisson, C. Clifford  |e (autor) 
245 1 0 |a Administración de Hospitales: Fundamentos y Evaluación del Servicio Hospitalario /  |c C.C. Attkisson; et. al.; tr. por: Patricia Villaseñor, et. al. 
264 1 |a México :  |b Trillas,  |c 1988 
300 |a 650 p. 
336 |a texto  |b txt  |2 rdacontenido 
337 |a sin mediación  |b n  |2 rdamedio 
338 |a volumen  |b nc  |2 rdasoporte 
500 |a Traducción de: Evaluation of Human Service Programs 
520 |a Lograr la administración efectiva de los programas de evaluación de servicio comunitarios, constituye el principal objetivo de esta obra, en la cual se tratan aspectos como el análisis de los puestos programáticos y de las funciones de la evaluación, la determinación de las necesidades de servicios en la comunidad y la evaluación de la calidad del programa y de su efectividad en relación con los costos, entre otros temas de interés. El libro está dirigido a profesionales de administración en las áreas de medicina y psicología, así como estudiantes de estas carreras a nivel licenciatura y posgrado. 
649 |a XX 
650 |a Ciencias Administrativas 
650 |a Hospitales -  |x Administración 
700 |a Hargreaves, William A.  |e (autor) 
700 |a Horowitz, Mardi J.  |e (autor) 
910 |a Fondo General 
920 |a Impresos - Libros 
930 |a Colección General 
905 |a 101 
901 |a 0250680200  |b IT1  |c ACC  |i 908673  |u 20250521 
902 |a https://opac.biblio.iteso.mx/vufind/Record/000025068